Movies Quiz

Random Movies or Song Quiz

Every Best Song Oscar Winner by ANY Word Quiz Stats

 Plays Quiz not verified by Sporcle

Score 0/78 Timer 05:00
0 Plays Today
Year Song % Correct
1994Can You Feel the Love Tonight
99.3%
1984I Just Called to Say I Love You
99.2%
1940When You Wish Upon a Star
99%
1941The Last Time I Saw Paris
98.9%
1955Love Is a Many-Splendored Thing
98.9%
1946On the Atchison, Topeka and Santa Fe
98.7%
1936The Way You Look Tonight
98.7%
1999You'll Be in My Heart
98.6%
1944Swinging on a Star
98.5%
2001If I Didn't Have You
98.4%
1973The Way We Were
98.3%
1987(I've Had) The Time of My Life
98.3%
2005It's Hard Out Here for a Pimp
98.3%
1995Colors of the Wind
98.2%
1967Talk to the Animals
98%
1968The Windmills of Your Mind
98%
1990Sooner or Later (I Always Get My Man)
98%
2006I Need to Wake Up
98%
1951In the Cool, Cool, Cool of the Evening
98%
1991Beauty and the Beast
98%
1954Three Coins in the Fountain
97.9%
1983Flashdance...What a Feeling
97.8%
1965The Shadow of Your Smile
97.7%
1992A Whole New World
97.7%
1996You Must Love Me
97.7%
2009The Weary Kind (Theme from Crazy Heart)
97.6%
1947Zip-A-Dee-Doo-Dah
97.6%
1957All the Way
97.6%
1938Thanks for the Memory
97.1%
1939Over the Rainbow
97.1%
1988Let the River Run
97.1%
1981Arthur's Theme (Best You Can Do)
96.8%
1977You Light Up My Life
96.8%
1989Under the Sea
96.6%
1972The Morning After
96.3%
2003Into the West
96.1%
1934The Continental
96%
1976Evergreen (Theme from A Star is Born)
95.9%
1985Say You, Say Me
95.7%
Year Song % Correct
1997My Heart Will Go On
95.3%
1974We May Never Love Like This Again
94.4%
1998When You Believe
94.1%
1952High Noon (Do Not Forsake Me, Oh My Darlin')
93.6%
1943You'll Never Know
93.1%
1969Raindrops Keep Fallin' on My Head
92.1%
1962Days of Wine and Roses
89.9%
1970For All We Know
89.8%
1945It Might as Well Be Spring
87.1%
1982Up Where We Belong
86.3%
1953Secret Love
80.8%
1986Take My Breath Away
78.9%
2010We Belong Together
78.6%
1960Never on Sunday
78.4%
1993Streets of Philadelphia
76.1%
1948Buttons and Bows
75.3%
1956Whatever Will Be, Will Be (Que Sera, Sera)
75.2%
1963Call Me Irresponsible
74.7%
1935Lullaby of Broadway
74.4%
1979It Goes Like It Goes
74.4%
2011Man or Muppet
61.2%
1971Theme from Shaft
59.5%
2004Al Otro Lado Del Río
59.2%
2008Jai Ho
49.7%
1949Baby, It's Cold Outside
44.9%
2000Things Have Changed
35.9%
1975I'm Easy
32.8%
1961Moon River
29.9%
1978Last Dance
29.3%
2002Lose Yourself
21.8%
1964Chim Chim Cher-ee
19.7%
1959High Hopes
19.5%
1942White Christmas
18.4%
1980Fame
18%
2007Falling Slowly
17.6%
1966Born Free
15.6%
1958Gigi
15.1%
1937Sweet Leilani
12.3%
1950Mona Lisa
8.6%

You're not logged in!

Compare scores with friends on all Sporcle quizzes.
OR
Log In

Show Comments

Extras

Top Quizzes Today


Score Distribution

Your Account Isn't Verified!

In order to create a playlist on Sporcle, you need to verify the email address you used during registration. Go to your Sporcle Settings to finish the process.

Report this User

Report this user for behavior that violates our Community Guidelines.

Details: